Znalostný manažment ako predpoklad úspešného rozvoja slovenských podnikov záverečná správa projektu Mladá veda č. 2330256/07 : doba riešenia: 2007
Guardado en:
| Autor principal: | |
|---|---|
| Otros Autores: | , , , , , |
| Formato: | Libro |
| Lenguaje: | eslovaco |
| Publicado: |
Košice
2007
|
| Materias: | |
| Etiquetas: |
Sin Etiquetas, Sea el primero en etiquetar este registro!
|
MARC
| LEADER | 00000nam a2200000 4500 | ||
|---|---|---|---|
| 001 | 0160454 | ||
| 005 | 20240614123553.2 | ||
| 041 | 0 | |a slo | |
| 044 | |a SK | ||
| 245 | 1 | 0 | |a Znalostný manažment ako predpoklad úspešného rozvoja slovenských podnikov |b záverečná správa projektu Mladá veda č. 2330256/07 : doba riešenia: 2007 |c Vedúci projektu: Peter Mesároš |
| 264 | 1 | |a Košice |c 2007 | |
| 300 | |a [70 s.] | ||
| 610 | 2 | 0 | |a manažment znalostný |
| 610 | 2 | 0 | |a rozvoj podniku |
| 100 | 1 | |a Mesároš, Peter | |
| 700 | 1 | |a Toropilová, Michaela, 1979- | |
| 700 | 1 | |a Bobenič Hintošová, Aneta, 1979- | |
| 700 | 1 | |a Sudzina, František | |
| 700 | 1 | |a Demjanová, Lucia, 1981- | |
| 700 | 1 | |a Toma, Roman | |
| 700 | 1 | |a Czikk, Peter | |